00000000cam 2200000zi 4500
0019.961381
003CaOODSP
00520260603142523
006m     o  d f      
007cr bn|||||||||
008260327e200408##onc     o    f000 0 eng d
040 |aCaOODSP|beng|erda|cCaOODSP
043 |an-cn---
0861 |aT52-4/273-2004E-PDF
24500|aAir operator merger or take-over procedures.
250 |aSecond edition.
264 1|a[Ottawa] : |bTransport Canada = Transports Canada, |cAugust 2004.
300 |a1 online resource (i, 13 pages)
336 |atext|btxt|2rdacontent
337 |acomputer|bc|2rdamedia
338 |aonline resource|bcr|2rdacarrier
500 |aCover title.
500 |aIssued also in French under title: Guide de procédures de fusion ou de prise de contrôle des exploitants aériens.
520 |a"This Air Operator Merger or Take-Over Procedures Guide provides instructions regarding the oversight of the merger of air operators or the take-over of one air operator by another. It sets out Transport Canada, Civil Aviation (TC) processes and procedures to oversee an air operator’s compliance with regulatory requirements and safe operating practices during the transition period"--Foreword.
650 0|aAirlines|xMergers|zCanada|vHandbooks, manuals, etc.
655 7|aHandbooks and manuals|2lcgft
7101 |aCanada. |bTransport Canada, |eissuing body.
77508|tGuide de procédures de fusion ou de prise de contrôle des exploitants aériens.|w(CaOODSP)9.963295
85640|qPDF|s148 KB|uhttps://publications.gc.ca/collections/collection_2026/tc/T52-4-273-2004-eng.pdf
8564 |qHTML|sN/A|uhttps://tc.canada.ca/en/aviation/publications/air-operator-merger-take-over-procedures-tp-9908
986 |aTP 9908E